Cianuro espumoso /
Guardado en:
| Autor Principal: | |
|---|---|
| Otros Autores: | |
| Formato: | Libro |
| Publicado: |
Barcelona :
Molino,
1959
|
| Series: | Biblioteca Oro; No. 26
|
| Materias: | |
| Etiquetas: |
Agregar Etiqueta
Sin Etiquetas, Sea el primero en etiquetar este registro!
|
| LEADER | 00686nam a22002295a 4500 | ||
|---|---|---|---|
| 001 | CEM.cems012380 | ||
| 005 | 20140422100656.0 | ||
| 008 | 130507s1959##################000#0#####d | ||
| 003 | CEMS | ||
| 082 | 0 | 4 | |a 823.9 |
| 100 | 1 | |a Christie, Agatha | |
| 245 | 1 | 0 | |a Cianuro espumoso / |c Agatha Christie ; traducido Por Guillermo López Hipkiss |
| 260 | |a Barcelona : |b Molino, |c 1959 | ||
| 300 | |a 256 p. | ||
| 490 | 0 | |a Biblioteca Oro; No. 26 | |
| 653 | |a Literatura | ||
| 653 | |a Literatura inglesa | ||
| 653 | |a Novelas inglesas | ||
| 653 | |a Novelas | ||
| 653 | |a Novelas policiales | ||
| 700 | 1 | |a López Hipkiss, Guillermo, trad. | |
| 859 | |a CEMS |b BIB. CEMS - 11 de abril |h 823.9 |i Ch984-2 |p 23677.07 |t Ej.1 | ||
